[Event "VII Obert Internacional Alberic"]
[Site "Alberic, Spain"]
[Date "2019.06.29"]
[Round "4.2"]
[White "Granero Roca, Antonio"]
[Black "Diaz Velandia, Jose Manuel"]
[Result "1-0"]
[WhiteElo "2370"]
[BlackElo "2372"]
[PlyCount "87"]
[EventDate "2019.??.??"]

1. d4 {[%clk 00:07:04]} 1... Nf6 {[%clk 00:07:05]  [%emt 00:00:05]} 2. c4 {
[%clk 00:07:06]  [%emt 00:00:04]} 2... e6 {[%clk 00:07:06]} 3. Nf3 {
[%clk 00:07:06]  [%emt 00:00:04]} 3... d5 {[%clk 00:07:08]} 4. g3 {
[%clk 00:07:06]  [%emt 00:00:05]} 4... c5 {[%clk 00:07:08]} 5. cxd5 {
[%clk 00:07:06]  [%emt 00:00:04]} 5... Nxd5 {[%clk 00:07:09]} 6. Bg2 {
[%clk 00:07:02]  [%emt 00:00:10]} 6... Nc6 {[%clk 00:07:10]} 7. O-O {
[%clk 00:07:03]} 7... Be7 {[%clk 00:07:09]  [%emt 00:00:09]} 8. Nc3 {
[%clk 00:06:55]  [%emt 00:00:06]} 8... Nxc3 {[%clk 00:07:00]  [%emt 00:00:16]}
9. bxc3 {[%clk 00:06:57]} 9... O-O {[%clk 00:07:01]} 10. e3 {
[%clk 00:06:47]  [%emt 00:00:13]} 10... Rb8 {[%clk 00:06:58]  [%emt 00:00:10]}
11. Nd2 {[%clk 00:06:42]  [%emt 00:00:06]} 11... Na5 {
[%clk 00:06:56]  [%emt 00:00:04]} 12. Nb3 {[%clk 00:06:17]  [%emt 00:00:26]}
12... Nxb3 {[%clk 00:05:39]  [%emt 00:01:34]} 13. axb3 {[%clk 00:06:17]} 13...
Qb6 {[%clk 00:05:02]  [%emt 00:00:32]} 14. Qc2 {
[%clk 00:05:52]  [%emt 00:00:24]} 14... Bd7 {[%clk 00:04:49]  [%emt 00:00:17]}
15. c4 {[%clk 00:05:53]  [%emt 00:00:05]} 15... a6 {
[%clk 00:04:09]  [%emt 00:00:41]} 16. Rd1 {[%clk 00:05:46]  [%emt 00:00:09]}
16... Rfd8 {[%clk 00:03:28]  [%emt 00:00:44]} 17. Ba3 {
[%clk 00:05:17]  [%emt 00:00:35]} 17... Bc6 {[%clk 00:02:35]  [%emt 00:00:53]}
18. d5 {[%clk 00:05:07]  [%emt 00:00:14]} 18... exd5 {
[%clk 00:02:23]  [%emt 00:00:15]} 19. cxd5 {[%clk 00:05:05]  [%emt 00:00:04]}
19... Bb5 {[%clk 00:02:23]  [%emt 00:00:05]} 20. Rac1 {
[%clk 00:04:46]  [%emt 00:00:20]} 20... Rbc8 {[%clk 00:02:25]} 21. e4 {
[%clk 00:04:45]  [%emt 00:00:11]} 21... Bg5 {[%clk 00:01:58]  [%emt 00:00:25]}
22. f4 {[%clk 00:04:15]  [%emt 00:00:39]} 22... c4+ {
[%clk 00:01:39]  [%emt 00:00:16]} 23. Qf2 {[%clk 00:04:16]  [%emt 00:00:06]}
23... Qa5 {[%clk 00:01:07]  [%emt 00:00:33]} 24. Bc5 {
[%clk 00:04:00]  [%emt 00:00:17]} 24... cxb3 {[%clk 00:00:07]  [%emt 00:01:10]}
25. fxg5 {[%clk 00:03:54]  [%emt 00:00:04]} 25... Qa2 {
[%clk 00:00:06]  [%emt 00:00:05]} 26. Rd2 {[%clk 00:03:29]  [%emt 00:00:24]}
26... Qa4 {[%clk 00:00:05]  [%emt 00:00:06]} 27. Bh3 {
[%clk 00:03:11]  [%emt 00:00:20]} 27... b6 {[%clk 00:00:04]  [%emt 00:00:06]}
28. Bxc8 {[%clk 00:02:58]  [%emt 00:00:12]} 28... Rxc8 {[%clk 00:00:07]} 29.
Ba3 {[%clk 00:02:53]  [%emt 00:00:11]} 29... Re8 {
[%clk 00:00:07]  [%emt 00:00:05]} 30. Bb2 {[%clk 00:02:39]  [%emt 00:00:13]}
30... Qxe4 {[%clk 00:00:08]} 31. Qd4 {[%clk 00:02:28]  [%emt 00:00:16]} 31...
Qg6 {[%clk 00:00:07]  [%emt 00:00:05]} 32. d6 {[%clk 00:02:06]  [%emt 00:00:24]
} 32... Bd7 {[%clk 00:00:09]} 33. h4 {[%clk 00:02:01]  [%emt 00:00:10]} 33...
h6 {[%clk 00:00:12]} 34. Qf4 {[%clk 00:01:47]  [%emt 00:00:16]} 34... Re4 {
[%clk 00:00:07]  [%emt 00:00:07]} 35. Qf2 {[%clk 00:01:28]  [%emt 00:00:23]}
35... hxg5 {[%clk 00:00:09]} 36. Re1 {[%clk 00:00:47]  [%emt 00:00:45]} 36...
Rg4 {[%clk 00:00:07]  [%emt 00:00:05]} 37. Rd4 {
[%clk 00:00:40]  [%emt 00:00:12]} 37... gxh4 {[%clk 00:00:07]} 38. Rxg4 {
[%clk 00:00:41]  [%emt 00:00:06]} 38... Qxg4 {[%clk 00:00:08]  [%emt 00:00:05]}
39. Re3 {[%clk 00:00:35]  [%emt 00:00:05]} 39... a5 {
[%clk 00:00:05]  [%emt 00:00:06]} 40. Rf3 {[%clk 00:00:27]  [%emt 00:00:08]}
40... a4 {[%clk 00:00:06]  [%emt 00:00:06]} 41. Rxf7 {
[%clk 00:00:15]  [%emt 00:00:12]} 41... Qd1+ {[%clk 00:00:07]} 42. Qf1 {
[%clk 00:00:11]  [%emt 00:00:12]} 42... Qxd6 {[%clk 00:00:05]  [%emt 00:00:05]}
43. Rxg7+ {[%clk 00:00:13]} 43... Kh8 {[%clk 00:00:08]} 44. Rg6+ {
[%clk 00:00:15]} 1-0

[Event "VII Obert Internacional Alberic"]
[Site "Alberic, Spain"]
[Date "2019.06.29"]
[Round "4.3"]
[White "Kovacevic, Slobodan"]
[Black "Cruz Lledo, Pablo"]
[Result "0-1"]
[WhiteElo "2243"]
[BlackElo "2442"]
[PlyCount "124"]
[EventDate "2019.??.??"]

1. d4 {[%clk 00:06:52]  [%emt 00:00:04]} 1... d5 {
[%clk 00:07:03]  [%emt 00:00:04]} 2. Bf4 {[%clk 00:06:54]  [%emt 00:00:03]}
2... Bf5 {[%clk 00:07:01]  [%emt 00:00:03]} 3. e3 {[%clk 00:06:56]} 3... e6 {
[%clk 00:07:03]  [%emt 00:00:04]} 4. c4 {[%clk 00:06:57]} 4... c6 {
[%clk 00:07:03]  [%emt 00:00:04]} 5. Qb3 {[%clk 00:07:00]} 5... Qb6 {
[%clk 00:06:44]  [%emt 00:00:18]} 6. c5 {[%clk 00:06:57]  [%emt 00:00:19]} 6...
Qxb3 {[%clk 00:06:42]  [%emt 00:00:09]} 7. axb3 {[%clk 00:06:58]} 7... Nd7 {
[%clk 00:06:44]} 8. Nc3 {[%clk 00:06:58]} 8... a6 {[%clk 00:06:44]} 9. b4 {
[%clk 00:06:58]  [%emt 00:00:03]} 9... Rc8 {[%clk 00:06:33]  [%emt 00:00:07]}
10. Nf3 {[%clk 00:06:59]  [%emt 00:00:04]} 10... h6 {
[%clk 00:06:29]  [%emt 00:00:07]} 11. Nd2 {[%clk 00:07:00]  [%emt 00:00:03]}
11... Ngf6 {[%clk 00:06:26]  [%emt 00:00:05]} 12. h3 {
[%clk 00:07:01]  [%emt 00:00:11]} 12... Be7 {[%clk 00:06:05]  [%emt 00:00:12]}
13. Nb3 {[%clk 00:07:03]  [%emt 00:00:09]} 13... Bd8 {
[%clk 00:05:53]  [%emt 00:00:07]} 14. Na5 {[%clk 00:07:05]  [%emt 00:00:35]}
14... Bxa5 {[%clk 00:05:55]} 15. bxa5 {[%clk 00:07:08]} 15... Ne4 {
[%clk 00:05:35]  [%emt 00:00:04]} 16. Nxe4 {[%clk 00:07:09]} 16... Bxe4 {
[%clk 00:05:06]  [%emt 00:00:20]} 17. Bd6 {[%clk 00:07:11]} 17... Nf8 {
[%clk 00:04:38]  [%emt 00:00:52]} 18. Ra4 {[%clk 00:07:09]} 18... Rd8 {
[%clk 00:04:39]  [%emt 00:00:06]} 19. Rb4 {[%clk 00:07:10]} 19... Rd7 {
[%clk 00:04:40]} 20. f3 {[%clk 00:06:50]  [%emt 00:00:09]} 20... Bh7 {
[%clk 00:04:18]  [%emt 00:00:59]} 21. Rb6 {[%clk 00:06:52]} 21... f6 {
[%clk 00:04:09]} 22. Kf2 {[%clk 00:06:38]} 22... Kf7 {[%clk 00:04:10]} 23. Be2
{[%clk 00:06:34]  [%emt 00:00:11]} 23... Ng6 {[%clk 00:04:05]  [%emt 00:00:04]}
24. Rc1 {[%clk 00:05:42]  [%emt 00:00:51]} 24... Ne7 {
[%clk 00:04:04]  [%emt 00:00:14]} 25. Bxe7 {[%clk 00:05:31]  [%emt 00:00:06]}
25... Rxe7 {[%clk 00:04:01]  [%emt 00:00:08]} 26. Rc3 {
[%clk 00:05:27]  [%emt 00:00:07]} 26... Rc8 {[%clk 00:04:02]  [%emt 00:00:03]}
27. Rcb3 {[%clk 00:05:28]} 27... Rcc7 {[%clk 00:04:04]} 28. Ke1 {
[%clk 00:05:23]  [%emt 00:00:06]} 28... e5 {[%clk 00:04:06]  [%emt 00:00:35]}
29. Kd2 {[%clk 00:05:25]} 29... h5 {[%clk 00:03:54]  [%emt 00:00:04]} 30. h4 {
[%clk 00:05:06]  [%emt 00:00:03]} 30... g5 {[%clk 00:03:44]  [%emt 00:00:10]}
31. hxg5 {[%clk 00:04:58]  [%emt 00:00:11]} 31... fxg5 {
[%clk 00:03:45]  [%emt 00:00:18]} 32. dxe5 {[%clk 00:04:57]} 32... Bf5 {
[%clk 00:03:13]  [%emt 00:00:23]} 33. f4 {[%clk 00:04:33]  [%emt 00:00:32]}
33... Kg6 {[%clk 00:03:14]  [%emt 00:00:03]} 34. g3 {
[%clk 00:04:21]  [%emt 00:00:12]} 34... Rh7 {[%clk 00:02:44]  [%emt 00:00:30]}
35. fxg5 {[%clk 00:03:53]  [%emt 00:00:38]} 35... Kxg5 {
[%clk 00:02:44]  [%emt 00:00:20]} 36. R3b4 {[%clk 00:03:53]} 36... Rce7 {
[%clk 00:02:29]  [%emt 00:00:03]} 37. Bf3 {[%clk 00:03:41]  [%emt 00:00:12]}
37... Bc8 {[%clk 00:02:12]  [%emt 00:00:19]} 38. e4 {[%clk 00:03:42]} 38...
Rhf7 {[%clk 00:01:59]  [%emt 00:00:30]} 39. Rb3 {[%clk 00:03:44]} 39... dxe4 {
[%clk 00:01:54]} 40. Bxe4 {[%clk 00:03:45]} 40... Rxe5 {
[%clk 00:01:55]  [%emt 00:00:07]} 41. Re3 {[%clk 00:03:30]  [%emt 00:00:10]}
41... Rxc5 {[%clk 00:01:52]  [%emt 00:00:33]} 42. b4 {
[%clk 00:03:19]  [%emt 00:00:07]} 42... Re5 {[%clk 00:01:41]} 43. Bf3 {
[%clk 00:02:55]  [%emt 00:00:22]} 43... Rd7+ {[%clk 00:01:29]  [%emt 00:00:39]}
44. Ke2 {[%clk 00:02:53]} 44... Rde7 {[%clk 00:01:29]} 45. Rxe5+ {
[%clk 00:02:49]} 45... Rxe5+ {[%clk 00:01:32]} 46. Kf2 {
[%clk 00:02:47]  [%emt 00:00:04]} 46... Re7 {[%clk 00:01:24]  [%emt 00:00:04]}
47. Bxc6 {[%clk 00:02:37]  [%emt 00:00:37]} 47... bxc6 {
[%clk 00:01:23]  [%emt 00:00:08]} 48. Rxc6 {[%clk 00:02:39]} 48... Bb7 {
[%clk 00:01:15]} 49. Rb6 {[%clk 00:02:35]} 49... Rf7+ {[%clk 00:01:13]} 50. Ke2
{[%clk 00:02:13]  [%emt 00:00:21]} 50... Kg4 {[%clk 00:01:14]  [%emt 00:00:41]}
51. Rg6+ {[%clk 00:02:09]} 51... Kh3 {[%clk 00:01:16]} 52. Rg5 {[%clk 00:02:05]
} 52... Bf3+ {[%clk 00:01:13]} 53. Ke3 {[%clk 00:02:07]} 53... Bg4 {
[%clk 00:01:10]} 54. b5 {[%clk 00:02:07]} 54... axb5 {
[%clk 00:01:08]  [%emt 00:00:07]} 55. Rxb5 {[%clk 00:02:09]} 55... Kxg3 {
[%clk 00:01:07]} 56. a6 {[%clk 00:02:11]} 56... Ra7 {
[%clk 00:01:05]  [%emt 00:00:04]} 57. Ra5 {[%clk 00:02:11]  [%emt 00:00:10]}
57... h4 {[%clk 00:01:04]  [%emt 00:00:03]} 58. Ra1 {[%clk 00:02:11]} 58... h3
{[%clk 00:01:04]} 59. Rg1+ {[%clk 00:02:12]} 59... Kh4 {[%clk 00:01:06]} 60.
Kf4 {[%clk 00:02:13]  [%emt 00:00:08]} 60... Rf7+ {
[%clk 00:01:00]  [%emt 00:00:04]} 61. Ke3 {[%clk 00:02:06]  [%emt 00:00:12]}
61... h2 {[%clk 00:01:01]  [%emt 00:00:12]} 62. Rh1 {[%clk 00:02:06]} 62... Kg3
{[%clk 00:01:03]} 0-1

[Event "VII Obert Internacional Alberic"]
[Site "Alberic, Spain"]
[Date "2019.06.29"]
[Round "4.4"]
[White "Garcia, Jhoel"]
[Black "Martinez Tormo, Jorge"]
[Result "1-0"]
[WhiteElo "2290"]
[BlackElo "2119"]
[PlyCount "76"]
[EventDate "2019.??.??"]

1. c4 {[%clk 00:07:01]} 1... e5 {[%clk 00:07:05]} 2. g3 {
[%clk 00:06:55]  [%emt 00:00:13]} 2... Nc6 {[%clk 00:07:07]  [%emt 00:00:03]}
3. Bg2 {[%clk 00:06:56]} 3... g6 {[%clk 00:07:10]} 4. Nc3 {
[%clk 00:06:52]  [%emt 00:00:05]} 4... Bg7 {[%clk 00:07:12]} 5. e3 {
[%clk 00:06:46]  [%emt 00:00:10]} 5... Nge7 {[%clk 00:07:12]  [%emt 00:00:03]}
6. Nge2 {[%clk 00:06:42]  [%emt 00:00:10]} 6... d6 {
[%clk 00:07:10]  [%emt 00:00:25]} 7. d3 {[%clk 00:06:34]} 7... O-O {
[%clk 00:07:06]} 8. O-O {[%clk 00:06:28]  [%emt 00:00:08]} 8... f5 {
[%clk 00:07:09]} 9. Rb1 {[%clk 00:06:26]} 9... a5 {
[%clk 00:07:10]  [%emt 00:00:09]} 10. a3 {[%clk 00:06:28]} 10... Be6 {
[%clk 00:07:12]  [%emt 00:00:02]} 11. Nd5 {[%clk 00:06:28]} 11... Qd7 {
[%clk 00:06:56]  [%emt 00:00:13]} 12. b4 {[%clk 00:06:28]  [%emt 00:00:10]}
12... axb4 {[%clk 00:06:57]} 13. axb4 {[%clk 00:06:30]} 13... Ra7 {
[%clk 00:06:01]  [%emt 00:01:05]} 14. b5 {[%clk 00:06:28]  [%emt 00:00:04]}
14... Nd8 {[%clk 00:05:41]  [%emt 00:00:16]} 15. Nxc7 {
[%clk 00:06:22]  [%emt 00:00:09]} 15... b6 {[%clk 00:04:48]  [%emt 00:00:53]}
16. Nxe6 {[%clk 00:06:19]  [%emt 00:00:07]} 16... Nxe6 {
[%clk 00:04:50]  [%emt 00:00:05]} 17. Bb2 {[%clk 00:06:04]  [%emt 00:00:17]}
17... Kh8 {[%clk 00:04:31]  [%emt 00:00:22]} 18. d4 {
[%clk 00:05:34]  [%emt 00:00:43]} 18... e4 {[%clk 00:04:19]  [%emt 00:00:03]}
19. d5 {[%clk 00:05:36]  [%emt 00:00:07]} 19... Nc5 {
[%clk 00:04:12]  [%emt 00:00:05]} 20. Nd4 {[%clk 00:05:20]  [%emt 00:00:16]}
20... Ra2 {[%clk 00:03:45]  [%emt 00:00:30]} 21. Ba1 {
[%clk 00:05:15]  [%emt 00:00:33]} 21... Rfa8 {[%clk 00:03:42]  [%emt 00:00:03]}
22. f3 {[%clk 00:04:29]  [%emt 00:00:27]} 22... Ng8 {
[%clk 00:03:23]  [%emt 00:00:22]} 23. fxe4 {[%clk 00:04:28]  [%emt 00:00:09]}
23... fxe4 {[%clk 00:03:24]} 24. Bc3 {[%clk 00:04:20]  [%emt 00:00:10]} 24...
Nh6 {[%clk 00:03:02]  [%emt 00:00:23]} 25. Rb2 {
[%clk 00:03:45]  [%emt 00:00:42]} 25... R2a3 {[%clk 00:02:57]  [%emt 00:00:05]}
26. Rc2 {[%clk 00:02:21]  [%emt 00:01:42]} 26... Rc8 {
[%clk 00:02:09]  [%emt 00:00:44]} 27. Bb2 {[%clk 00:02:09]  [%emt 00:00:06]}
27... Rxe3 {[%clk 00:01:48]  [%emt 00:00:24]} 28. Ne6 {
[%clk 00:02:08]  [%emt 00:00:06]} 28... Bxb2 {[%clk 00:01:34]  [%emt 00:00:15]}
29. Rxb2 {[%clk 00:02:10]  [%emt 00:00:23]} 29... Rd3 {[%clk 00:01:29]} 30. Qa1
{[%clk 00:02:01]  [%emt 00:00:11]} 30... Nxe6 {[%clk 00:01:07]  [%emt 00:00:16]
} 31. dxe6 {[%clk 00:01:23]  [%emt 00:00:38]} 31... Qxe6 {
[%clk 00:00:47]  [%emt 00:00:44]} 32. Re2+ {[%clk 00:01:04]  [%emt 00:00:04]}
32... Qe5 {[%clk 00:00:49]} 33. Qa7 {[%clk 00:00:36]  [%emt 00:00:39]} 33...
Qc5+ {[%clk 00:00:13]  [%emt 00:00:29]} 34. Kh1 {
[%clk 00:00:37]  [%emt 00:00:36]} 34... e3 {[%clk 00:00:13]} 35. Bd5 {
[%emt 00:00:24]} 35... Rxd5 36. cxd5 {[%emt 00:00:04]} 36... Qxd5+ 37. Kg1 {
[%emt 00:00:39]} 37... Qxb5 38. Rxe3 {[%emt 00:00:05]} 38... Qc5 {
[%emt 00:00:04]  Re2} 1-0

[Event "VII Obert Internacional Alberic"]
[Site "Alberic, Spain"]
[Date "2019.06.29"]
[Round "4.5"]
[White "Pedros Viudes, Enrique"]
[Black "Martinez Gil, Joaquin"]
[Result "1-0"]
[WhiteElo "2113"]
[BlackElo "1894"]
[PlyCount "93"]
[EventDate "2019.??.??"]

1. d4 {[%clk 00:07:03]  [%emt 00:01:23]} 1... Nf6 {[%clk 00:07:05]} 2. Nc3 {
[%clk 00:07:05]} 2... g6 {[%clk 00:07:06]} 3. e4 {[%clk 00:07:07]} 3... d6 {
[%clk 00:07:08]} 4. Be2 {[%clk 00:07:09]} 4... Bg7 {[%clk 00:07:09]} 5. h4 {
[%clk 00:07:11]} 5... Nbd7 {[%clk 00:06:55]} 6. h5 {[%clk 00:07:05]} 6... b6 {
[%clk 00:06:26]} 7. h6 {[%clk 00:06:40]  [%emt 00:00:19]} 7... Bf8 {
[%clk 00:06:27]  [%emt 00:00:07]} 8. Nf3 {[%clk 00:06:39]  [%emt 00:00:03]}
8... Bb7 {[%clk 00:06:13]  [%emt 00:00:11]} 9. e5 {
[%clk 00:05:14]  [%emt 00:01:36]} 9... Nd5 {[%clk 00:05:11]  [%emt 00:01:00]}
10. e6 {[%clk 00:04:56]  [%emt 00:00:25]} 10... N7f6 {
[%clk 00:04:45]  [%emt 00:00:21]} 11. exf7+ {[%clk 00:04:52]  [%emt 00:00:09]}
11... Kxf7 {[%clk 00:04:38]  [%emt 00:00:11]} 12. Ng5+ {
[%clk 00:04:25]  [%emt 00:00:35]} 12... Ke8 {[%clk 00:04:28]  [%emt 00:00:05]}
13. Bf3 {[%clk 00:04:23]  [%emt 00:00:14]} 13... Qd7 {
[%clk 00:04:00]  [%emt 00:00:22]} 14. Nxd5 {[%clk 00:03:55]  [%emt 00:00:31]}
14... Bxd5 {[%clk 00:03:50]  [%emt 00:00:15]} 15. c4 {
[%clk 00:03:45]  [%emt 00:00:12]} 15... Bxf3 {[%clk 00:03:37]  [%emt 00:00:15]}
16. Qxf3 {[%clk 00:03:46]  [%emt 00:00:25]} 16... Rd8 {
[%clk 00:03:21]  [%emt 00:00:07]} 17. d5 {[%clk 00:03:24]  [%emt 00:00:15]}
17... c6 {[%clk 00:03:04]  [%emt 00:00:38]} 18. dxc6 {[%clk 00:03:20]} 18...
Qf5 {[%clk 00:02:41]  [%emt 00:00:14]} 19. Qxf5 {
[%clk 00:03:13]  [%emt 00:00:10]} 19... gxf5 {[%clk 00:02:42]  [%emt 00:00:35]}
20. b4 {[%clk 00:03:03]} 20... e5 {[%clk 00:02:37]} 21. Bb2 {
[%clk 00:02:51]  [%emt 00:00:07]} 21... Rg8 {[%clk 00:02:34]  [%emt 00:00:06]}
22. Ne6 {[%clk 00:02:17]  [%emt 00:00:49]} 22... Rc8 {
[%clk 00:02:24]  [%emt 00:00:09]} 23. b5 {[%clk 00:02:18]} 23... Rxg2 {
[%clk 00:02:14]  [%emt 00:00:04]} 24. O-O-O {[%clk 00:02:03]  [%emt 00:00:17]}
24... Rxf2 {[%clk 00:02:01]  [%emt 00:00:37]} 25. Nxf8 {[%clk 00:02:05]} 25...
Kxf8 {[%clk 00:02:02]} 26. Rxd6 {[%clk 00:02:07]} 26... Ng4 {
[%clk 00:01:45]  [%emt 00:00:07]} 27. Rhd1 {[%clk 00:02:02]  [%emt 00:00:05]}
27... Ke8 {[%clk 00:01:28]  [%emt 00:00:20]} 28. Rd7 {
[%clk 00:01:58]  [%emt 00:00:09]} 28... Ne3 {[%clk 00:01:07]  [%emt 00:00:24]}
29. Rg1 {[%clk 00:01:17]  [%emt 00:00:44]} 29... Ng4 {
[%clk 00:00:59]  [%emt 00:00:12]} 30. Rxh7 {[%clk 00:01:11]  [%emt 00:00:06]}
30... Rd8 {[%clk 00:00:47]  [%emt 00:00:16]} 31. Rh8+ {
[%clk 00:01:04]  [%emt 00:00:22]} 31... Ke7 {[%clk 00:00:48]} 32. Rxd8 {
[%clk 00:01:06]  [%emt 00:00:14]} 32... Kxd8 {[%clk 00:00:51]} 33. Rd1+ {
[%clk 00:01:08]} 33... Kc8 {[%clk 00:00:48]} 34. h7 {
[%clk 00:00:45]  [%emt 00:00:08]} 34... Rh2 {[%clk 00:00:50]} 35. Re1 {
[%clk 00:00:43]  [%emt 00:00:39]} 35... Rxh7 {[%clk 00:00:51]} 36. Bxe5 {
[%clk 00:00:41]} 36... Nxe5 {[%clk 00:00:52]  [%emt 00:00:07]} 37. Rxe5 {
[%clk 00:00:43]} 37... Rf7 {[%clk 00:00:54]} 38. Kd2 {[%clk 00:00:42]} 38...
Kc7 {[%clk 00:00:51]} 39. Ke3 {[%clk 00:00:42]} 39... Kd6 {[%clk 00:00:50]} 40.
Kf4 {[%clk 00:00:42]} 40... a6 {[%clk 00:00:36]  [%emt 00:00:12]} 41. Rxf5 {
[%clk 00:00:40]  [%emt 00:00:03]} 41... Ra7 {[%clk 00:00:33]  [%emt 00:00:12]}
42. Rd5+ {[%clk 00:00:35]  [%emt 00:00:15]} 42... Ke7 {
[%clk 00:00:32]  [%emt 00:00:05]} 43. Rd7+ {[%clk 00:00:37]} 43... Rxd7 {
[%clk 00:00:32]} 44. cxd7 {[%clk 00:00:38]} 44... Kxd7 {[%clk 00:00:35]} 45.
bxa6 {[%clk 00:00:39]} 45... Kc7 {[%clk 00:00:37]} 46. Ke5 {[%clk 00:00:39]}
46... Kb8 {[%clk 00:00:39]  [%emt 00:00:09]} 47. Kd6 {
[%clk 00:00:16]  [%emt 00:00:13]} 1-0

[Event "VII Obert Internacional Alberic"]
[Site "Alberic, Spain"]
[Date "2019.06.29"]
[Round "4.6"]
[White "Bru Company, Francesc E"]
[Black "Mengual Bolo, Carles"]
[Result "0-1"]
[WhiteElo "1890"]
[BlackElo "2097"]
[PlyCount "104"]
[EventDate "2019.??.??"]

1. d4 {[%clk 00:07:04]  [%emt 00:00:04]} 1... d5 {[%clk 00:07:06]} 2. Nf3 {
[%clk 00:07:05]} 2... Nf6 {[%clk 00:07:08]} 3. g3 {[%clk 00:07:07]} 3... g6 {
[%clk 00:07:07]} 4. Bg2 {[%clk 00:07:09]} 4... Bg7 {[%clk 00:07:09]} 5. O-O {
[%clk 00:07:10]  [%emt 00:00:04]} 5... O-O {[%clk 00:07:11]} 6. c4 {
[%clk 00:07:11]} 6... c6 {[%clk 00:07:08]} 7. Nc3 {
[%clk 00:07:10]  [%emt 00:00:06]} 7... b6 {[%clk 00:07:08]} 8. Bf4 {
[%clk 00:07:05]  [%emt 00:00:07]} 8... Bb7 {[%clk 00:07:09]  [%emt 00:00:10]}
9. cxd5 {[%clk 00:07:00]  [%emt 00:00:37]} 9... cxd5 {[%clk 00:07:03]} 10. Rc1
{[%clk 00:06:47]  [%emt 00:00:24]} 10... Nh5 {[%clk 00:07:02]} 11. Be5 {
[%clk 00:06:08]  [%emt 00:00:07]} 11... f6 {[%clk 00:07:00]  [%emt 00:00:35]}
12. Bxb8 {[%clk 00:06:08]} 12... Rxb8 {[%clk 00:07:01]} 13. Qb3 {
[%clk 00:06:05]  [%emt 00:00:04]} 13... f5 {[%clk 00:06:42]  [%emt 00:00:04]}
14. e3 {[%clk 00:05:55]  [%emt 00:00:08]} 14... Nf6 {
[%clk 00:06:37]  [%emt 00:00:10]} 15. Nb5 {[%clk 00:05:13]  [%emt 00:01:17]}
15... a6 {[%clk 00:05:33]  [%emt 00:00:36]} 16. Nc7 {
[%clk 00:05:11]  [%emt 00:00:03]} 16... Qd6 {[%clk 00:05:29]  [%emt 00:00:10]}
17. Ng5 {[%clk 00:04:41]  [%emt 00:00:28]} 17... h6 {
[%clk 00:04:26]  [%emt 00:01:06]} 18. Nge6 {[%clk 00:04:14]  [%emt 00:00:34]}
18... Rfc8 {[%clk 00:04:27]  [%emt 00:00:04]} 19. Rc2 {
[%clk 00:03:49]  [%emt 00:00:27]} 19... Kh7 {[%clk 00:03:09]  [%emt 00:01:24]}
20. Rfc1 {[%clk 00:03:46]  [%emt 00:00:15]} 20... Ne4 {
[%clk 00:02:59]  [%emt 00:00:04]} 21. Bf1 {[%clk 00:02:22]  [%emt 00:01:28]}
21... b5 {[%clk 00:03:00]} 22. f3 {[%clk 00:01:57]  [%emt 00:00:22]} 22... Ng5
{[%clk 00:02:54]  [%emt 00:00:25]} 23. Nxg5+ {[%clk 00:01:31]  [%emt 00:00:12]}
23... hxg5 {[%clk 00:02:56]} 24. Qc3 {[%clk 00:01:16]  [%emt 00:00:20]} 24...
f4 {[%clk 00:02:39]  [%emt 00:00:19]} 25. gxf4 {
[%clk 00:00:35]  [%emt 00:00:44]} 25... gxf4 {[%clk 00:02:40]  [%emt 00:00:24]}
26. Qc5 {[%emt 00:00:21]} 26... Qf6 {[%clk 00:01:55]  [%emt 00:00:37]} 27. e4 {
[%clk 00:00:06]  [%emt 00:00:06]} 27... Qxd4+ {[%clk 00:01:49]  [%emt 00:00:05]
} 28. Qxd4 {[%clk 00:00:08]  [%emt 00:00:33]} 28... Bxd4+ {[%clk 00:01:51]} 29.
Kg2 {[%clk 00:00:10]} 29... dxe4 {[%clk 00:01:52]} 30. fxe4 {
[%clk 00:00:06]  [%emt 00:00:07]} 30... Bxe4+ {[%clk 00:01:54]} 31. Kh3 {
[%clk 00:00:07]} 31... Bf5+ {[%clk 00:01:44]} 32. Kg2 {[%clk 00:00:08]} 32...
Bxc2 {[%clk 00:01:45]} 33. Rxc2 Rb7 {[%clk 00:01:44]} 34. Rd2 {
[%clk 00:00:10]  [%emt 00:00:06]} 34... Rbxc7 {[%clk 00:01:31]  [%emt 00:00:35]
} 35. Rxd4 {[%clk 00:00:12]} 35... Rc2+ {[%clk 00:01:32]  [%emt 00:00:03]} 36.
Kf3 {[%clk 00:00:09]} 36... Rxb2 {[%clk 00:01:14]  [%emt 00:00:04]} 37. Bd3 {
[%clk 00:00:11]} 37... Rc3 {[%clk 00:01:06]  [%emt 00:00:09]} 38. Kxf4 {
[%clk 00:00:10]  [%emt 00:00:13]} 38... Rf2+ {[%clk 00:00:59]  [%emt 00:00:05]}
39. Ke5 {[%clk 00:00:11]  [%emt 00:00:04]} 39... Rxa2 {
[%clk 00:00:53]  [%emt 00:00:05]} 40. Rd7 {[%clk 00:00:09]  [%emt 00:00:14]}
40... Rc6 {[%clk 00:00:40]  [%emt 00:00:06]} 41. Rxe7+ {
[%clk 00:00:10]  [%emt 00:00:29]} 41... Kh6 {[%clk 00:00:42]} 42. h4 {
[%clk 00:00:07]} 42... Rh2 {[%clk 00:00:39]} 43. Re8 {[%clk 00:00:04]} 43...
Rxh4 {[%clk 00:00:38]} 44. Rh8+ {[%clk 00:00:05]} 44... Kg5 {[%clk 00:00:40]}
45. Rg8 {[%clk 00:00:05]  [%emt 00:00:12]} 45... b4 {[%clk 00:00:38]} 46. Be4 {
[%clk 00:00:05]} 46... Rxe4+ {[%clk 00:00:37]  [%emt 00:00:06]} 47. Kxe4 {
[%clk 00:00:07]} 47... Rb6 {[%clk 00:00:38]  [%emt 00:00:04]} 48. Rc8 {
[%clk 00:00:07]  [%emt 00:00:03]} 48... b3 {[%clk 00:00:40]} 49. Rc1 {
[%clk 00:00:09]} 49... b2 {[%clk 00:00:42]  [%emt 00:00:09]} 50. Rb1 {
[%clk 00:00:11]} 50... a5 {[%clk 00:00:45]} 51. Kd3 {[%clk 00:00:13]} 51... a4
{[%clk 00:00:47]  [%emt 00:00:03]} 52. Kc3 {[%clk 00:00:15]} 52... a3 {
[%clk 00:00:48]} 0-1